| 000 | 00529pab a2200181 454500 | ||
|---|---|---|---|
| 008 | 180718b2012 xxu||||| |||| 00| 0 eng d | ||
| 100 | _aAhuja, Malvinder | ||
| 245 | _aA study of satisfaction and dissatisfaction of secondary school students in relations to their parental aspirations | ||
| 260 | _c2012 | ||
| 300 | _ap.77-88. | ||
| 650 | _aParents | ||
| 650 | _aStudents | ||
| 650 | _aSecondary school students | ||
| 700 | _aSingh, Shivraj | ||
| 773 | _aResearch Journal Social Sciences | ||
| 908 | _aN | ||
| 909 | _a99653 | ||
| 999 |
_c99652 _d99652 |
||